[Event "Rated Blitz game"]
[Site "?"]
[Date "2021.11.18"]
[Round "?"]
[White "FabianM"]
[Black "Sdjordje12345_s"]
[Result "1-0"]
[WhiteElo "2420"]
[BlackElo "2365"]
[PlyCount "111"]
[EventDate "2021.??.??"]
[EventType "blitz"]

1. e4 e5 2. Nf3 d5 3. Nxe5 Qe7 4. d4 f6 5. Nd3 dxe4 6. Nf4 Bf5 7. Nc3 g5 8.
Nfd5 Qd7 9. Bc4 c6 10. Ne3 Bg6 11. O-O b5 12. Bb3 a5 13. a4 b4 14. Ne2 Bd6 15.
Nc4 Bc7 16. Ng3 h5 17. Nxe4 Bxe4 18. Re1 f5 19. f3 Nf6 20. Bxg5 Qg7 21. Bxf6
Qxf6 22. fxe4 f4 23. e5 Qg5 24. Nd6+ Bxd6 25. exd6+ Kd8 26. Qe2 Ra7 27. Qe5 Rg7
28. Qxg5+ Rxg5 29. Re5 Rg6 30. Rxa5 f3 31. g3 h4 32. Kf2 hxg3+ 33. hxg3 Rf6 34.
Rf1 Rh2+ 35. Ke3 Re2+ 36. Kd3 Rg2 37. Ra8 Rxg3 38. Rxb8+ Kd7 39. Rb7+ Kxd6 40.
Rf2 Rg2 41. Rxg2 fxg2 42. Rg7 Rf2 43. Ke3 Rf6 44. Rxg2 c5 45. dxc5+ Kxc5 46.
Rg5+ Kc6 47. a5 Rf8 48. Rg4 Rb8 49. Kd3 Kc5 50. Rg5+ Kc6 51. Bc4 Ra8 52. a6 Kb6
53. Rg6+ Ka5 54. a7 Rd8+ 55. Ke2 Ra8 56. Ra6# {Normal} 1-0

[Event "Rated Blitz game"]
[Site "?"]
[Date "2021.11.18"]
[Round "?"]
[White "Lupin0109"]
[Black "Artem_0degov"]
[Result "0-1"]
[WhiteElo "2512"]
[BlackElo "2539"]
[PlyCount "68"]
[EventDate "2021.??.??"]
[EventType "blitz"]

1. e4 e5 2. Nf3 d5 3. Nxe5 Bd6 4. d4 dxe4 5. Nc4 Nf6 6. Nxd6+ Qxd6 7. Be3 O-O
8. Nc3 Nc6 9. Qd2 Bf5 10. h3 Rad8 11. O-O-O Rfe8 12. g4 Bg6 13. Bg2 a6 14. Rhe1
Nb4 15. Bf4 Qd7 16. Bg5 e3 17. Rxe3 Nxc2 18. Rxe8+ Rxe8 19. Bxf6 gxf6 20. f4
Ne3 21. f5 Nxd1 22. Nxd1 c6 23. fxg6 hxg6 24. Qf4 Kg7 25. Nc3 Rd8 26. d5 cxd5
27. Bxd5 b5 28. a3 Qe7 29. Kb1 Qc5 30. Bb3 Qe5 31. Qf3 Rd7 32. Qc6 Qd6 33. Qa8
b4 34. axb4 Qxb4 {Time forfeit} 0-1

[Event "Rated Blitz tournament UQ0i9i6B"]
[Site "?"]
[Date "2021.11.18"]
[Round "?"]
[White "Powerqueretaro"]
[Black "Artem_0degov"]
[Result "0-1"]
[WhiteElo "2382"]
[BlackElo "2558"]
[PlyCount "126"]
[EventDate "2021.??.??"]
[EventType "blitz"]

1. e4 e5 2. Nf3 d5 3. d4 dxe4 4. Nxe5 Bd6 5. Be2 Bxe5 6. dxe5 Qxd1+ 7. Bxd1 Nc6
8. Bf4 Nge7 9. Bg3 Ng6 10. Nc3 Bf5 11. e6 Bxe6 12. Nxe4 O-O-O 13. O-O h6 14.
Nc5 Bf5 15. Bf3 Rhe8 16. Na6 Nce5 17. Nc5 Nxf3+ 18. gxf3 Re2 19. Rfd1 Rxd1+ 20.
Rxd1 Rxc2 21. b4 b6 22. Nb3 Be6 23. Nd4 Rxa2 24. Nxe6 fxe6 25. Rc1 e5 26. Rc6
Nf4 27. Bxf4 exf4 28. Rg6 a5 29. bxa5 bxa5 30. Rxg7 a4 31. Rg4 Kb7 32. Rxf4 c5
33. Kf1 Kb6 34. Ke1 Kb5 35. Rf8 Rc2 36. Rb8+ Kc4 37. Ra8 Kb3 38. Rb8+ Ka2 39.
Kd1 Rxf2 40. Rc8 Rxf3 41. Rxc5 Rh3 42. Rc2+ Kb3 43. Rg2 a3 44. Rg8 Rxh2 45.
Rb8+ Ka2 46. Ra8 h5 47. Ke1 h4 48. Kf1 h3 49. Kg1 Rg2+ 50. Kh1 Rc2 51. Ra7 Kb2
52. Rb7+ Kc1 53. Ra7 a2 54. Ra6 Kb1 55. Ra7 a1=Q 56. Rxa1+ Kxa1 57. Kg1 Kb2 58.
Kh1 Kc3 59. Kg1 Kd3 60. Kh1 Ke3 61. Kg1 Kf3 62. Kh1 Kg3 63. Kg1 Rc1# {Normal}
0-1

[Event "Rated Blitz game"]
[Site "?"]
[Date "2021.11.18"]
[Round "?"]
[White "z2win"]
[Black "batasjon"]
[Result "1-0"]
[WhiteElo "2434"]
[BlackElo "2442"]
[PlyCount "69"]
[EventDate "2021.??.??"]
[EventType "blitz"]

1. e4 e5 2. Nf3 d5 3. d4 dxe4 4. Nxe5 Bd6 5. Nc4 Nf6 6. Be2 O-O 7. O-O Nc6 8.
c3 h6 9. Re1 Re8 10. Nbd2 Nd5 11. Nxd6 Qxd6 12. Nc4 Qg6 13. Kh1 Be6 14. a4 Re7
15. a5 a6 16. Qb3 Rb8 17. Qd1 f5 18. h3 f4 19. Bh5 Qh7 20. Bg4 Rf8 21. Bxe6+
Rxe6 22. Qb3 Qf5 23. Nd2 f3 24. g4 Qg5 25. Nxf3 Qd8 26. Nd2 Qh4 27. Qxd5 Qxh3+
28. Kg1 Qxg4+ 29. Kf1 e3 30. Rxe3 Qd1+ 31. Kg2 Qg4+ 32. Rg3 Rxf2+ 33. Kxf2 Qe2+
34. Kg1 Kh8 35. Nf1 {Time forfeit} 1-0

[Event "Rated Blitz tournament f6mqqxpw"]
[Site "?"]
[Date "2021.11.18"]
[Round "?"]
[White "snayperchess"]
[Black "emilo_ibarra_brito"]
[Result "1-0"]
[WhiteElo "2691"]
[BlackElo "2215"]
[PlyCount "63"]
[EventDate "2021.??.??"]
[EventType "blitz"]

1. e4 e5 2. Nf3 d5 3. exd5 e4 4. Qe2 Nf6 5. d3 Qxd5 6. dxe4 Qxe4 7. Be3 Nc6 8.
Nbd2 Qe7 9. Qc4 Be6 10. Qa4 Bd7 11. O-O-O Qd8 12. Bc4 Bd6 13. Rhe1 O-O 14. c3
Re8 15. Qc2 Be6 16. Bxe6 Rxe6 17. Nc4 Qe7 18. Ng5 Re5 19. Nxe5 Nxe5 20. h3 h6
21. Nf3 Nxf3 22. gxf3 Qd7 23. Rg1 Qxh3 24. Bd4 Qxf3 25. Rd3 Qf5 26. Re3 Qxc2+
27. Kxc2 Bf4 28. Bxf6 Bxe3 29. Rxg7+ Kf8 30. fxe3 Re8 31. Rh7 Rxe3 32. Rh8# {
Normal} 1-0

[Event "Rated Blitz game"]
[Site "?"]
[Date "2021.11.18"]
[Round "?"]
[White "alidomat"]
[Black "batasjon"]
[Result "0-1"]
[WhiteElo "2420"]
[BlackElo "2423"]
[PlyCount "88"]
[EventDate "2021.??.??"]
[EventType "blitz"]

1. e4 e5 2. Nf3 d5 3. d4 dxe4 4. Nxe5 Bd6 5. Nc4 Nf6 6. Ne3 O-O 7. c4 c5 8. d5
Ne8 9. Nc3 f5 10. Be2 Be5 11. Qc2 Nd6 12. Bd2 a6 13. a4 a5 14. g3 Na6 15. Nb5
Nb4 16. Bxb4 axb4 17. O-O-O Qf6 18. b3 Bd7 19. Kb1 Qe7 20. Ng2 Bf6 21. Nf4 Qe5
22. Qa2 Bxb5 23. cxb5 c4 24. Nh5 cxb3 25. Nxf6+ Qxf6 26. Qxb3 Ra5 27. Rd2 Rfa8
28. Ra2 Qd4 29. Rd1 Qxf2 30. Qxb4 Qb6 31. Rc1 h6 32. Bd1 Nxb5 33. axb5 Rxa2 34.
Rc8+ Kh7 35. Rxa8 Rxa8 36. g4 Qf6 37. Qb2 Kg6 38. gxf5+ Kxf5 39. Qf2+ Ke5 40.
Qxf6+ gxf6 41. Bb3 b6 42. Kc2 f5 43. Kd2 f4 44. Ke2 Ra3 {Normal} 0-1

[Event "Rated Blitz game"]
[Site "?"]
[Date "2021.11.18"]
[Round "?"]
[White "DVRazor"]
[Black "Glasauge72"]
[Result "1-0"]
[WhiteElo "2481"]
[BlackElo "2450"]
[PlyCount "183"]
[EventDate "2021.??.??"]
[EventType "blitz"]

1. e4 e5 2. Nf3 d5 3. exd5 Qxd5 4. Nc3 Qd6 5. Nb5 Qd7 6. Nxe5 Qe7 7. Qe2 a6 8.
Nxc7+ Qxc7 9. Ng6+ Kd8 10. Nxh8 Be6 11. Qd3+ Nd7 12. Be2 Ngf6 13. O-O Bd6 14.
h3 Ke7 15. b3 Rxh8 16. Bb2 Re8 17. Rfe1 Kf8 18. Bf3 Nc5 19. Qc3 b5 20. d4 Ncd7
21. Qd3 Nb6 22. Rac1 Bd5 23. c4 bxc4 24. bxc4 Bxf3 25. Qxf3 Rxe1+ 26. Rxe1 Nxc4
27. Qa8+ Qb8 28. Qxb8+ Bxb8 29. Bc3 Nd5 30. Rc1 Bf4 31. Rc2 Ke7 32. g3 Bd6 33.
Kf1 f5 34. Ke2 Nxc3+ 35. Rxc3 Nb6 36. Rc6 Nd5 37. Rxa6 Ke6 38. a4 g5 39. Ra7 h5
40. h4 gxh4 41. gxh4 Bb4 42. a5 Nc3+ 43. Kf3 Nb5 44. Ra6+ Kd5 45. Ke3 Bc3 46.
Rh6 Bxd4+ 47. Kf3 Ke5 48. Rxh5 Nd6 49. a6 Ne4 50. Rh7 Nxf2 51. a7 Bxa7 52. Rxa7
Ng4 53. Ra5+ Kf6 54. Kf4 Nh6 55. Ra6+ Kg7 56. Kg5 Nf7+ 57. Kxf5 Nh6+ 58. Kg5
Nf7+ 59. Kh5 Ne5 60. Re6 Nf7 61. Re7 Kf6 62. Ra7 Kg7 63. Kg4 Kg6 64. h5+ Kf6
65. Ra5 Nh6+ 66. Kf4 Nf7 67. Ra6+ Kg7 68. Kf5 Nh6+ 69. Ke5 Ng4+ 70. Kf4 Nh6 71.
Ra7+ Kf6 72. Rh7 Nf7 73. h6 Kg6 74. Rg7+ Kf6 75. Rg8 Nxh6 76. Rg1 Nf7 77. Rh1
Ne5 78. Rh5 Ng6+ 79. Kg4 Ne5+ 80. Kh4 Ng6+ 81. Kg3 Ne5 82. Rh6+ Ng6 83. Rh4 Kg5
84. Rg4+ Kf5 85. Ra4 Ne5 86. Ra5 Ke6 87. Kf4 Nd3+ 88. Ke3 Ne5 89. Ra6+ Kd5 90.
Ra3 Ke6 91. Kf4 Nc4 92. Ra6+ {Time forfeit} 1-0

[Event "Rated Blitz game"]
[Site "?"]
[Date "2021.11.18"]
[Round "?"]
[White "bigote22"]
[Black "RCompany_1"]
[Result "0-1"]
[WhiteElo "2409"]
[BlackElo "2371"]
[PlyCount "116"]
[EventDate "2021.??.??"]
[EventType "blitz"]

1. e4 e5 2. Nf3 d5 3. d4 dxe4 4. Nxe5 Bd6 5. Nc4 Be7 6. Bf4 Nf6 7. h3 Nc6 8. c3
Nd5 9. Bg3 O-O 10. Be2 f5 11. Be5 Nxe5 12. Nxe5 f4 13. Bc4 Kh8 14. Bxd5 Qxd5
15. Qb3 Be6 16. Qxd5 Bxd5 17. O-O Bd6 18. Ng4 h5 19. Nh2 Rae8 20. Nd2 e3 21.
fxe3 fxe3 22. Rxf8+ Rxf8 23. Ndf3 Bg3 24. b3 g5 25. Kf1 Bxh2 26. Ke2 Bxf3+ 27.
gxf3 Bf4 28. Rg1 Kh7 29. Kd3 Re8 30. Ke2 Kh6 31. a3 Kg6 32. h4 Kf5 33. hxg5
Bxg5 34. c4 h4 35. Rg4 Rh8 36. Rg1 h3 37. Rh1 Bf4 38. d5 h2 39. b4 Rg8 40. Kf1
Rg3 41. c5 Rxf3+ 42. Ke2 Rf2+ 43. Kd3 Rd2+ 44. Kc4 Rg2 45. d6 cxd6 46. cxd6
Bxd6 47. Rd1 Bf4 48. Rd5+ Kg4 49. Rd8 h1=Q 50. b5 Qb1 51. a4 Rc2+ 52. Kd5 Qd1+
53. Ke6 Qxd8 54. b6 Qd6+ 55. Kf7 Rc8 56. a5 Rf8+ 57. Kg7 Qf6+ 58. Kh7 Rh8# {
Normal} 0-1

[Event "Rated Blitz game"]
[Site "?"]
[Date "2021.11.18"]
[Round "?"]
[White "JoeSusumu"]
[Black "Futuregm03pro"]
[Result "1/2-1/2"]
[WhiteElo "2685"]
[BlackElo "2692"]
[PlyCount "113"]
[EventDate "2021.??.??"]
[EventType "blitz"]

1. e4 e5 2. Nf3 d5 3. Nxe5 Bd6 4. d4 dxe4 5. Bc4 Bxe5 6. Qh5 Qe7 7. Qxe5 Qxe5
8. dxe5 Nc6 9. Bf4 Nge7 10. Nc3 Ng6 11. Bg3 Ncxe5 12. Bb3 Be6 13. Bxe6 fxe6 14.
O-O-O e3 15. fxe3 O-O 16. Nb5 Rf7 17. Rhf1 Rxf1 18. Rxf1 Rc8 19. Nxa7 Ra8 20.
Nb5 Rxa2 21. Kb1 Ra6 22. Nxc7 Rc6 23. Nb5 Rb6 24. Nd4 Nc4 25. Kc1 Rxb2 26. Nxe6
Ra2 27. Kb1 Rb2+ 28. Kc1 Rxc2+ 29. Kxc2 Nxe3+ 30. Kd3 Nxf1 31. Bd6 Nh4 32. Ke2
Nxh2 33. Bxh2 Nxg2 34. Nc5 b5 35. Bg3 g5 36. Kf3 Nf4 37. Bxf4 gxf4 38. Kxf4 Kf7
39. Nb3 Ke8 40. Kg5 Kd7 41. Kh6 Kd6 42. Kxh7 Kd5 43. Kg6 Kc4 44. Na5+ Kb4 45.
Nc6+ Kc5 46. Na5 b4 47. Kf5 Kb5 48. Nb3 Ka4 49. Nc5+ Kb5 50. Nb3 Kc4 51. Na5+
Kc5 52. Ke5 Kb5 53. Nb3 Kc4 54. Nc1 Kc3 55. Kd5 Kc2 56. Kc4 b3 57. Nxb3 {Normal
} 1/2-1/2

[Event "Rated Blitz tournament UIzvRR07"]
[Site "?"]
[Date "2021.11.18"]
[Round "?"]
[White "Joejan"]
[Black "No_Move_Left"]
[Result "0-1"]
[WhiteElo "2453"]
[BlackElo "2612"]
[PlyCount "70"]
[EventDate "2021.??.??"]
[EventType "blitz"]

1. e4 e5 2. Nf3 d5 3. d4 dxe4 4. Nxe5 Nf6 5. Nc3 Bd6 6. Bg5 O-O 7. Bc4 Nc6 8.
Nxc6 bxc6 9. O-O Bf5 10. h3 Re8 11. Re1 h6 12. Bh4 g5 13. Bg3 Kg7 14. Bxd6 cxd6
15. d5 c5 16. Qd2 Rb8 17. b3 Qd7 18. Re2 Nh5 19. Rae1 Nf4 20. Re3 Bxh3 21. Nxe4
Rxe4 22. Rxe4 Bxg2 23. Rxf4 Qh3 24. f3 Qg3 25. Rg4 Qxf3 26. Rxg2 Qf6 27. Rf2
Qg6 28. Qc3+ Kg8 29. Bd3 Qg7 30. Ref1 Qxc3 31. Rxf7 Qd4+ 32. Kg2 Qg4+ 33. Kh1
Qh3+ 34. Kg1 Qg3+ 35. Kh1 Re8 {Time forfeit} 0-1

[Event "Rated Blitz game"]
[Site "?"]
[Date "2021.11.18"]
[Round "?"]
[White "Daniel_Anwuli"]
[Black "Gillamenace"]
[Result "1-0"]
[WhiteElo "2455"]
[BlackElo "2375"]
[PlyCount "41"]
[EventDate "2021.??.??"]
[EventType "blitz"]

1. e4 e5 2. Nf3 d5 3. Nxe5 Bd6 4. d4 Qe7 5. Nc3 c6 6. Nf3 dxe4 7. Nd2 f5 8. Nc4
Nf6 9. Bg5 O-O 10. Be2 Be6 11. Qd2 Bd5 12. Nxd5 cxd5 13. Nxd6 Qxd6 14. O-O Nc6
15. c3 Rae8 16. Rae1 Kh8 17. f3 Rf7 18. fxe4 Nxe4 19. Qf4 Qxf4 20. Bxf4 g5 21.
Bh5 {Normal} 1-0

[Event "Rated Blitz game"]
[Site "?"]
[Date "2021.11.18"]
[Round "?"]
[White "GreekZorba"]
[Black "batasjon"]
[Result "1-0"]
[WhiteElo "2519"]
[BlackElo "2429"]
[PlyCount "149"]
[EventDate "2021.??.??"]
[EventType "blitz"]

1. e4 e5 2. Nf3 d5 3. Nxe5 Bd6 4. d4 dxe4 5. Bc4 Bxe5 6. Qh5 Qe7 7. Qxe5 Qxe5
8. dxe5 Ne7 9. Nc3 O-O 10. Nxe4 Nbc6 11. f4 Bf5 12. Bd3 Nb4 13. a3 Nxd3+ 14.
cxd3 Rad8 15. Ke2 Bg4+ 16. Kd2 Bf5 17. Kc2 Rd5 18. Be3 Rfd8 19. Nf2 Bxd3+ 20.
Nxd3 Rxd3 21. Rhd1 Rxd1 22. Rxd1 Rxd1 23. Kxd1 a6 24. Ke2 f5 25. Kd3 Kf7 26.
Kc4 Ke6 27. g3 Nd5 28. Bd4 h6 29. h4 h5 30. Kc5 Nb6 31. b3 Nd7+ 32. Kc4 b5+ 33.
Kd3 Kd5 34. b4 Nf8 35. Ba7 Ne6 36. Be3 g6 37. Bf2 Nd8 38. Be1 Nc6 39. Bc3 Nd8
40. Bd4 Ne6 41. Ba7 Nd8 42. Bb8 Ne6 43. Ba7 Nd8 44. Bc5 Ne6 45. Be7 Nd4 46. Bc5
Ne6 47. Bf2 Nd8 48. Kc3 Ne6 49. Kb3 Nd8 50. a4 Ne6 51. axb5 axb5 52. Kc3 Nd8
53. Kd3 Ne6 54. Ba7 Nd8 55. Bb8 Ne6 56. Ba7 Nd8 57. Bc5 Ne6 58. Be7 Nd4 59. Bf6
Ne6 60. Ke3 Nd4 61. e6 Nxe6 62. Be5 c5 63. bxc5 Nxc5 64. Kd2 Ne4+ 65. Ke3 Nxg3
66. Bf6 Ne4 67. Bg5 Kc4 68. Ke2 b4 69. Ke3 Kb3 70. Kd4 Kc2 71. Ke5 b3 72. Ke6
b2 73. Kf7 b1=Q 74. Kxg6 Qb6+ 75. Kxf5 {Time forfeit} 1-0

[Event "Rated Blitz game"]
[Site "?"]
[Date "2021.11.18"]
[Round "?"]
[White "Orlando_Gloom"]
[Black "Futuregm03pro"]
[Result "1-0"]
[WhiteElo "2711"]
[BlackElo "2670"]
[PlyCount "115"]
[EventDate "2021.??.??"]
[EventType "blitz"]

1. e4 e5 2. Nf3 d5 3. d3 dxe4 4. dxe4 Qxd1+ 5. Kxd1 Nc6 6. c3 f5 7. Bd3 Nf6 8.
Nbd2 fxe4 9. Nxe4 Bg4 10. Ke2 O-O-O 11. Bc2 Bf5 12. Nd6+ Bxd6 13. Bxf5+ Kb8 14.
Ng5 Rde8 15. Ne4 Ne7 16. Nxd6 cxd6 17. Bc2 d5 18. Be3 Nc6 19. Rad1 d4 20. Bd2
e4 21. Bf4+ Ka8 22. cxd4 Nd5 23. Be3 Rhf8 24. Ba4 Rc8 25. Rc1 Nf4+ 26. Bxf4
Rxf4 27. d5 Ne7 28. d6 Nc6 29. Rhd1 Rf7 30. d7 Rd8 31. Bxc6 bxc6 32. Rxc6 Rfxd7
33. Rxd7 Rxd7 34. Re6 Rc7 35. Kd2 Rd7+ 36. Ke3 Rc7 37. Rxe4 Kb7 38. Rb4+ Ka6
39. h4 Re7+ 40. Kf3 Rf7+ 41. Kg3 Rc7 42. a3 Ka5 43. f3 Rc2 44. Kh3 a6 45. g4 g6
46. Kg3 h5 47. Rb8 hxg4 48. fxg4 Rd2 49. Kf4 Ka4 50. Kg5 a5 51. Ra8 Rxb2 52.
Kxg6 Rb6+ 53. Kh5 Rb3 54. g5 Rxa3 55. g6 Rg3 56. Kh6 Kb4 57. g7 a4 58. g8=Q {
Normal} 1-0

[Event "Rated Blitz game"]
[Site "?"]
[Date "2021.11.18"]
[Round "?"]
[White "Muber"]
[Black "fonso96"]
[Result "1-0"]
[WhiteElo "2467"]
[BlackElo "2460"]
[PlyCount "133"]
[EventDate "2021.??.??"]
[EventType "blitz"]

1. e4 e5 2. Nf3 d5 3. exd5 e4 4. Qe2 Nf6 5. d3 Qxd5 6. Nbd2 Bb4 7. c3 Be7 8.
dxe4 Qh5 9. Nd4 Qg6 10. f4 O-O 11. f5 Qg4 12. Qxg4 Nxg4 13. N2f3 Nd7 14. Bf4 c6
15. h3 Ngf6 16. e5 Nd5 17. Bh2 Re8 18. O-O-O Ne3 19. Re1 Nxf1 20. Rhxf1 Nc5 21.
Kc2 Bf8 22. g4 a5 23. b3 g6 24. Bf4 Bd7 25. Ng5 h6 26. Ne4 Nxe4 27. Rxe4 Bg7
28. Bh2 a4 29. b4 Rac8 30. Rfe1 gxf5 31. Nxf5 Be6 32. Rd1 Bxa2 33. Rd7 b5 34.
Nd6 Bd5 35. Rd4 Rcd8 36. Rxd8 Rxd8 37. Kb2 a3+ 38. Ka1 Be6 39. Nxb5 Rxd4 40.
Nxd4 Bd5 41. Nc2 a2 42. Ne3 Bb3 43. Kb2 Kf8 44. Nf1 f6 45. Nd2 Be6 46. c4 fxe5
47. Kxa2 e4 48. Kb3 e3 49. Nf3 Kf7 50. Bg1 e2 51. Bf2 h5 52. g5 Bxh3 53. Kc2
Bg4 54. Nd4 Kg6 55. Kd3 Kxg5 56. Nxe2 Kf5 57. Nd4+ Bxd4 58. Bxd4 h4 59. Bg1 h3
60. Bh2 Bf3 61. Kd4 Bg2 62. Kc5 Ke6 63. b5 cxb5 64. cxb5 Kd7 65. b6 Kc8 66. Kb5
Kb7 67. Ka5 {Time forfeit} 1-0

[Event "Rated Blitz game"]
[Site "?"]
[Date "2021.11.18"]
[Round "?"]
[White "chanessa"]
[Black "RCompany_1"]
[Result "0-1"]
[WhiteElo "2437"]
[BlackElo "2359"]
[PlyCount "126"]
[EventDate "2021.??.??"]
[EventType "blitz"]

1. e4 e5 2. Nf3 d5 3. Nxe5 Bd6 4. d4 dxe4 5. Bc4 Bxe5 6. Qh5 Qe7 7. Qxe5 Qxe5
8. dxe5 Nc6 9. Bf4 Nge7 10. Nc3 Ng6 11. Bg3 h5 12. e6 Bxe6 13. Bxe6 fxe6 14.
Bxc7 Rc8 15. Bd6 e5 16. O-O-O Kf7 17. Rhe1 Nd4 18. Rxe4 Rc6 19. Bxe5 Nxe5 20.
Rdxd4 Ng4 21. h3 Nf6 22. Re5 a6 23. a4 Rhc8 24. Kd2 Rc4 25. Rd6 Rf4 26. f3 h4
27. a5 Rc7 28. Rd8 Rfc4 29. Re3 R4c5 30. b4 Rc4 31. b5 axb5 32. Rd6 b4 33. Nd5
Rxc2+ 34. Kd1 Rc1+ 35. Kd2 R7c2+ 36. Kd3 Nxd5 37. Rd7+ Kg6 38. Rxd5 Rd1+ 39.
Ke4 Rxd5 40. Kxd5 Rc3 41. Re6+ Kf5 42. Rb6 b3 43. Kd4 Rc2 44. Rb5+ Kf4 45. Rxb3
Rxg2 46. Rxb7 Ra2 47. Rxg7 Kxf3 48. Rg4 Rxa5 49. Rxh4 Ra4+ 50. Ke5 Rxh4 51. Kf6
Rxh3 52. Kg5 Rg3+ 53. Kf6 Rg4 54. Kf5 Re4 55. Kf6 Kf4 56. Kg6 Re5 57. Kg7 Rf5
58. Kg8 Kg5 59. Kg7 Rf6 60. Kh7 Rg6 61. Kh8 Kf6 62. Kh7 Kf7 63. Kh8 Rh6# {
Normal} 0-1

[Event "Rated Blitz game"]
[Site "?"]
[Date "2021.11.18"]
[Round "?"]
[White "akots"]
[Black "blastol"]
[Result "0-1"]
[WhiteElo "2374"]
[BlackElo "2533"]
[PlyCount "152"]
[EventDate "2021.??.??"]
[EventType "blitz"]

1. e4 e5 2. Nf3 d5 3. Nc3 dxe4 4. Nxe4 f5 5. Ng3 e4 6. Ne5 Nf6 7. d4 Bd6 8. Nc4
Nc6 9. Nxd6+ Qxd6 10. c3 Be6 11. Bb5 O-O-O 12. Qa4 Kb8 13. Bxc6 bxc6 14. Ne2
Nd5 15. a3 f4 16. c4 Nb6 17. c5 Nxa4 18. cxd6 cxd6 19. Nxf4 Bc4 20. Rb1 Nb6 21.
b3 Ba6 22. a4 h6 23. a5 Nc8 24. Be3 g5 25. Ne2 d5 26. Nc3 Nd6 27. g4 Rhf8 28.
Kd2 Rf3 29. Na4 Nb5 30. Nc5 Bc8 31. a6 Rdf8 32. h3 Kc7 33. Rb2 Kd6 34. Ke2 Nc3+
35. Kd2 Nb5 36. b4 h5 37. gxh5 Bxh3 38. h6 Rh8 39. Rh2 Rxh6 40. Bxg5 Rg6 41.
Be3 Rg1 42. Nb7+ Ke6 43. Rc2 Kd7 44. Nc5+ Kd6 45. Nb7+ Kc7 46. Nc5 Rg2 47. Rxg2
Bxg2 48. Bf4+ Kb6 49. Be3 Kc7 50. Rc1 Kd6 51. Rg1 Bh3 52. Rg6+ Kc7 53. Rg7+ Kb8
54. Rg8+ Kc7 55. Re8 Kd6 56. Rd8+ Kc7 57. Re8 Kd6 58. Rc8 Bxc8 59. Nb7+ Bxb7
60. axb7 Kc7 61. Ke2 Kxb7 62. Kd2 Nxd4 63. Bxd4 Rd3+ 64. Ke2 Rxd4 65. f3 exf3+
66. Kxf3 Rxb4 67. Ke3 Re4+ 68. Kf2 a5 69. Kf3 a4 70. Kf2 a3 71. Kf3 a2 72. Kf2
a1=Q 73. Kf3 Qc3+ 74. Kf2 Rd4 75. Ke2 Rd2+ 76. Ke1 Qc1# {Normal} 0-1

[Event "Rated Blitz game"]
[Site "?"]
[Date "2021.11.18"]
[Round "?"]
[White "IrrelevantAgain"]
[Black "Fantastic_power06"]
[Result "1-0"]
[WhiteElo "2744"]
[BlackElo "2785"]
[PlyCount "56"]
[EventDate "2021.??.??"]
[EventType "blitz"]

1. e4 e5 2. Nf3 d5 3. exd5 e4 4. Qe2 f6 5. Qxe4+ Kf7 6. Nc3 Bd6 7. Bc4 Ne7 8.
O-O Bf5 9. Qe2 Re8 10. d3 Ng6 11. Qd1 Nd7 12. Nd4 Ne7 13. Nxf5 Nxf5 14. Qh5+ g6
15. Qxh7+ Ng7 16. Bh6 Rg8 17. Rae1 Ne5 18. Bb3 Qd7 19. h3 Nf3+ 20. Kh1 Nxe1 21.
Rxe1 Rae8 22. Re6 Re7 23. Ne4 Be5 24. Rxe7+ Kxe7 25. Qxg8 Nf5 26. Qxg6 Nxh6 27.
Qxh6 Qf5 28. Qg7+ Kd8 {Normal} 1-0

[Event "Rated Blitz game"]
[Site "?"]
[Date "2021.11.18"]
[Round "?"]
[White "AlOvchinnikov"]
[Black "Futuregm03pro"]
[Result "1-0"]
[WhiteElo "2512"]
[BlackElo "2672"]
[PlyCount "105"]
[EventDate "2021.??.??"]
[EventType "blitz"]

1. e4 e5 2. Nf3 d5 3. Nxe5 Bd6 4. d4 dxe4 5. Bc4 Bxe5 6. dxe5 Qxd1+ 7. Kxd1 Nc6
8. Bf4 Bg4+ 9. Kc1 O-O-O 10. Nc3 Nge7 11. Nxe4 Ng6 12. Bg5 Rd4 13. Bd3 Ngxe5
14. f3 Nxd3+ 15. cxd3 Bf5 16. Rd1 Nb4 17. Be3 Rxd3 18. Rxd3 Nxd3+ 19. Kc2 Rd8
20. a3 Ne5 21. Bf4 Nc6 22. Kc3 Nd4 23. Re1 Ne6 24. Be5 f6 25. Bg3 Re8 26. Nc5
b6 27. Nxe6 Bxe6 28. b4 Kd7 29. a4 a5 30. bxa5 bxa5 31. Kd4 Rb8 32. Re4 Rb2 33.
Kc3 Rxg2 34. Bxc7 Bf5 35. Rf4 Rc2+ 36. Kb3 Bg6 37. Bxa5 Rxh2 38. Bc3 Bc2+ 39.
Kb4 Rh1 40. a5 Rb1+ 41. Kc5 Ke6 42. a6 Rb3 43. Bd4 Ra3 44. Kb6 Bd3 45. a7 Kd5
46. Bf2 Rb3+ 47. Kc7 Ra3 48. Rd4+ Ke6 49. Rxd3 Rxd3 50. a8=Q Rc3+ 51. Kd8 Rd3+
52. Ke8 Rd6 53. Qe4# {Normal} 1-0

[Event "Rated Blitz game"]
[Site "?"]
[Date "2021.11.18"]
[Round "?"]
[White "ArieWerksma"]
[Black "batasjon"]
[Result "1-0"]
[WhiteElo "2464"]
[BlackElo "2425"]
[PlyCount "111"]
[EventDate "2021.??.??"]
[EventType "blitz"]

1. e4 e5 2. Nf3 d5 3. exd5 e4 4. Ne5 Qxd5 5. d4 exd3 6. Nxd3 Nf6 7. Nc3 Qf5 8.
Bf4 c6 9. Be2 Be6 10. Bf3 Nbd7 11. O-O g5 12. Bg3 h5 13. h4 gxh4 14. Bxh4 Rg8
15. Re1 Bd6 16. Ne4 Bc7 17. Ndc5 O-O-O 18. Nxd7 Rxd7 19. Qe2 Ng4 20. Bg3 Bb6
21. Rad1 Rgd8 22. Rxd7 Rxd7 23. Bxg4 hxg4 24. Nd6+ Rxd6 25. Bxd6 Qd5 26. Bg3
Qxa2 27. Qe5 Qd5 28. Qb8+ Kd7 29. Qxb7+ Ke8 30. Qb8+ Kd7 31. Qe5 Qxe5 32. Rxe5
Bd4 33. Ra5 Kc8 34. c3 Bb6 35. Rg5 Kd7 36. Kf1 Ke7 37. Ke1 Kf6 38. Rg8 Kf5 39.
Kd2 Bd5 40. b4 Bxg2 41. Bd6 Bd5 42. Bc5 Bxc5 43. bxc5 a6 44. Ra8 Bc4 45. Ke3 f6
46. Rd8 Bd5 47. Rb8 Ke5 48. Rb4 f5 49. Ra4 Bg2 50. Rxa6 f4+ 51. Ke2 Bf1+ 52.
Kxf1 Ke4 53. Rxc6 Kf3 54. Rc8 g3 55. fxg3 fxg3 56. Kg1 {Normal} 1-0

[Event "Rated Rapid game"]
[Site "?"]
[Date "2021.11.18"]
[Round "?"]
[White "bazukat"]
[Black "KoT_Tropical"]
[Result "0-1"]
[WhiteElo "2425"]
[BlackElo "2538"]
[PlyCount "56"]
[EventDate "2021.??.??"]
[EventType "rapid"]

1. e4 e5 2. Nf3 d5 3. d4 dxe4 4. Nxe5 Bd6 5. Nc4 Nf6 6. Be2 Nc6 7. O-O Nxd4 8.
Nxd6+ Qxd6 9. Nc3 O-O 10. Be3 Nxe2+ 11. Qxe2 Bf5 12. Qb5 Ng4 13. g3 Ne5 14.
Rad1 Nf3+ 15. Kg2 Qg6 16. Rh1 Qg4 17. Kf1 Rfd8 18. h3 Rxd1+ 19. Nxd1 Qg6 20.
Nc3 Rd8 21. Qxb7 h5 22. Qxc7 Rd7 23. Qf4 Qa6+ 24. Kg2 Bg6 25. Nxe4 Qc6 26. Kxf3
Re7 27. Ke2 Rxe4 28. Qb8+ Re8 {Normal} 0-1

[Event "Rated Blitz game"]
[Site "?"]
[Date "2021.11.18"]
[Round "?"]
[White "Lanqiche"]
[Black "Zutano"]
[Result "0-1"]
[WhiteElo "2406"]
[BlackElo "2579"]
[PlyCount "136"]
[EventDate "2021.??.??"]
[EventType "blitz"]

1. e4 e5 2. Nf3 d5 3. Nxe5 Bd6 4. d4 dxe4 5. Nc3 Nf6 6. Bc4 O-O 7. O-O c5 8.
Bg5 cxd4 9. Qxd4 Bf5 10. Rad1 Be7 11. Qxd8 Rxd8 12. Nxf7 Rxd1 13. Rxd1 Bg6 14.
Nd6+ Kf8 15. Nxb7 Nc6 16. Bxf6 Bxf6 17. Bd5 Nb4 18. Bb3 Rc8 19. Nd6 Rd8 20.
Ndb5 Rxd1+ 21. Nxd1 a6 22. Nc7 a5 23. a3 Nc6 24. Ne6+ Ke7 25. Ne3 a4 26. Bd5
Bxb2 27. Bxc6 Kxe6 28. Bxa4 Bxa3 29. Kf1 Bc5 30. Ke2 Ke5 31. Bb3 Bh5+ 32. Kd2
Be8 33. g3 Bc6 34. Ke2 Bb5+ 35. Bc4 Bxe3 36. Bxb5 Bc5 37. c4 h6 38. h4 g5 39.
hxg5 hxg5 40. Bc6 Kd4 41. Bd5 Bd6 42. g4 Bf4 43. Bg8 Bc1 44. Bd5 Bf4 45. Be6
Bd6 46. Bd5 Ke5 47. Bg8 Bc5 48. Bd5 Kf4 49. Be6 Ke5 50. f3 Kxe6 51. fxe4 Ke5
52. Kf3 Bd4 53. Kg3 Kxe4 54. Kg2 Kf4 55. Kh3 Kf3 56. Kh2 Kxg4 57. Kg2 Bc5 58.
Kh2 Kf3 59. Kh1 g4 60. Kh2 g3+ 61. Kh3 g2 62. Kh4 g1=Q 63. Kh5 Qg4+ 64. Kh6
Be3+ 65. Kh7 Qf5+ 66. Kg7 Bd4+ 67. Kh6 Qg4 68. Kh7 Qg7# {Normal} 0-1

[Event "Rated Blitz game"]
[Site "?"]
[Date "2021.11.18"]
[Round "?"]
[White "vovchik39"]
[Black "Bakiuzumaki"]
[Result "1-0"]
[WhiteElo "2402"]
[BlackElo "2314"]
[PlyCount "31"]
[EventDate "2021.??.??"]
[EventType "blitz"]

1. e4 e5 2. Nf3 d5 3. exd5 e4 4. Qe2 Nf6 5. Nc3 Bf5 6. d3 Bb4 7. Bg5 Nbd7 8.
dxe4 Bxc3+ 9. bxc3 Bg4 10. e5 O-O 11. exf6 Nxf6 12. O-O-O Qd6 13. Qc4 b5 14.
Qb4 Qb6 15. Bxf6 Bxf3 16. Bd4 {Normal} 1-0

[Event "Rated Blitz game"]
[Site "?"]
[Date "2021.11.18"]
[Round "?"]
[White "sodel"]
[Black "Pepiton61"]
[Result "0-1"]
[WhiteElo "2375"]
[BlackElo "2402"]
[PlyCount "64"]
[EventDate "2021.??.??"]
[EventType "blitz"]

1. e4 e5 2. Nf3 d5 3. Nxe5 Bd6 4. d4 dxe4 5. Nc4 Nc6 6. c3 Nf6 7. Be2 O-O 8.
Be3 h6 9. O-O Nd5 10. Nxd6 Qxd6 11. Nd2 Nxe3 12. fxe3 f5 13. Bb5 Kh8 14. Qe2 a6
15. Bxc6 Qxc6 16. Nc4 Qb5 17. Rfe1 Be6 18. Ne5 Qxe2 19. Rxe2 Kh7 20. Rd2 Rad8
21. b3 c6 22. g3 g5 23. c4 Rd6 24. Rad1 Rfd8 25. Kf2 Kg7 26. Ke2 Kf6 27. Kf2 c5
28. h3 cxd4 29. exd4 f4 30. Ng4+ Bxg4 31. hxg4 e3+ 32. Ke2 exd2 {Normal} 0-1